Noem de landen in Afrika die aan zee liggen - Statistieken

Algemene statistieken
  • Deze quiz is 42 keer genomen
    33 sinds de laatste reset
  • De gemiddelde score is 28 van 33
Antwoordstatistieken
Letter en code Antwoorden % Correct
A Algerije
100%
E Egypte
100%
Gambia
100%
Kenia
100%
Tunesië
100%
Angola
96%
B Benin
96%
I Ivoorkust
96%
Libië
96%
M Marokko
96%
Somalië
96%
Z (2) Zuid-Afrika
96%
D Djibouti
91%
Eritrea
91%
Ghana
91%
Guinee
91%
(2) Guinee-Bissau
91%
L Liberia
83%
N Namibië
83%
(2) Sierra Leone
83%
T Tanzania
83%
Togo
83%
K Kameroen
78%
Mauritanië
78%
Mozambique
78%
(2) Equatoriaal-Guinea
74%
Nigeria
74%
S Senegal
74%
(2) Congo-Kinshasa
70%
C Congo
65%
G Gabon
61%
Soedan
61%
W (2) Westelijke Sahara
17%
Geen overeenkomende quizzen gevonden
Scoreverdeling
Procent van Mensen met Elke Score
Percentiel versus Aantal Correcte Antwoorden
Uw Scoregeschiedenis
U heeft deze quiz nog niet genomen sinds de laatste reset